| 000 | 00555nam a2200217 a 4500 | ||
|---|---|---|---|
| 001 | ES-MaREB00063280-8 | ||
| 003 | OSt | ||
| 005 | 20150127161944.0 | ||
| 008 | 020226s1991 esp 0011 spa d | ||
| 020 | _a84-348-1169-3 | ||
| 040 | _cBMC | ||
| 082 | _a808.068083 | ||
| 100 | 1 |
_aOlaizola, José Luis _928571 |
|
| 245 | 1 | 0 |
_aCucho _cJosé Luis Olaizola |
| 250 | _a12ª ed | ||
| 260 |
_aMadrid _bSM _c1991 |
||
| 300 |
_a96 p. _bil. _c19 cm |
||
| 490 | 0 | _aEl barco de vapor. 41 | |
| 650 | 2 | 4 |
_929811 _aCuentos infantiles |
| 942 |
_2ddc _cBK _hahoj |
||
| 999 |
_c17760 _d17760 |
||